Géographie par image - U - Statistiques

Statistiques générales
  • Ce quiz a été pris 654 fois
    570 depuis la dernière actualisation
  • Le résultat moyen est 6 sur 18
Statistiques - réponses
Par images Hint Réponse % Correct
(Pays) Ukraine
93%
(Etat des USA) Utah
82%
(Pays) Uruguay
79%
(Ancienne union) URSS
73%
(Union) Union européenne
67%
(Instrument) Ukulele
38%
(Versant Nord d'une montagne) Ubac
33%
(Canton suisse) Uri
27%
(Branche de la géographie) Urbain
22%
(Royaume) United Kingdom
20%
(Péninsule) Ushuaïa
7%
(Ville) Ürümqi
5%
(Ville) Udaipur
2%
(Région québecquoise) Ungava
2%
(Volcan) Ulawun
1%
(Lac) Umayo
1%
(Glacier) Upsala
1%
(Île) Uvea
1%
Aucun quiz correspondant
Distribution des résultats
% des personnes avec chaque résultat
Percentile par nombre de réponses
Votre historique - résultats
Vous n’avez pas pris ce quiz depuis la dernière actualisation